000 00298nam a22001457a 4500
003 SGT
020 _a9780198082873
082 _a005.7,WIC
100 _aWICKHAM HODLEY
245 _aR FOR DATA SCIENCE
250 _a2ND
260 _aTOKYO, OREILLY
_c2023
300 _a550
942 _2ddc
_cBK
_02
999 _c28161
_d28161